| 000 | 01192nam a2200253Ia 4500 | ||
|---|---|---|---|
| 001 | 18042 | ||
| 003 | GE_BSU | ||
| 008 | 181216s||||||||xx |||||||||||||| ||und|| | ||
| 040 | _cGE_BSU | ||
| 080 | _a81'44 | ||
| 100 | _aშარაძენიძე, თინ. | ||
| 245 | _aენათა კლასიფიკაციის პრინციპები | ||
| 245 | _cრედ. არნ. ჩიქობავა. მხატვ. გ. ნადირაძე | ||
| 250 | _aსაქ. სსრ მეცნ. აკად. ენათმეცნიერების ინ-ტი. | ||
| 260 | _aთბილისი | ||
| 260 | _bსაქ. სსრ მეცნ. აკად. გამ-ბა | ||
| 260 | _c1958 | ||
| 300 | _a543გვ. ; 22სმ. | ||
| 300 | _eდანართი "საკუთარ სახელთა საძიებელი", გვ. 539-41 | ||
| 520 | _aგაშლილი თავფურც. რუს. ენ.:[ყდაზე 1959]. | ||
| 653 | _aენათა კლასიფიკაცია | ||
| 653 | _aენათა კლასიფიკაციის პრინციპები | ||
| 942 | _cBK | ||
| 999 |
_c51085 _d51085 |
||